| 000 | 01215nam a22003617a 4500 | ||
|---|---|---|---|
| 001 | 0028891 | ||
| 003 | KOHA_MİRAKIL | ||
| 005 | 20260207002644.0 | ||
| 007 | ta | ||
| 008 | 110325b2001 enka|||gr||||#0|||1|eng | | ||
| 020 | _a0631200738 | ||
| 040 |
_aTR-BiSEU _btur _cTR-BiSEU _erda |
||
| 041 | 0 | _aeng | |
| 044 | _cenk | ||
| 050 |
_aPE1075 _b.F46 2001 |
||
| 100 | 1 | _a Fennell, Barbara A.. | |
| 245 | 1 | 2 |
_aA history of English : _ba sociolinguistic approach/ _cBarbara A. Fennell ; Barbara A. Fennell. |
| 264 | 1 |
_aOxford : _bBlackwell _c2001 |
|
| 300 |
_axi, 284 sayfa : _bres. |
||
| 336 |
_ametin _btxt _2rdacontent |
||
| 337 |
_aaracısız _bn _2rdamedia |
||
| 338 |
_acilt _bnc _2rdacarrier |
||
| 490 | 1 |
_aBlackwell textbooks in linguistics ; _v17. |
|
| 650 | 0 |
_aİngiliz dili--Tarih. _938255 |
|
| 650 | 0 |
_aİngiliz dili--sosyal yönleri. _957223 |
|
| 650 | 0 |
_aDil ve kültür--İngilizce konuşulan ülkeler. _957224 |
|
| 650 | 0 |
_aEnglish language--History. _938254 |
|
| 650 | 0 |
_aEnglish language--social aspects. _957225 |
|
| 650 | 0 |
_aLanguage and culture--English-speaking countries. _957226 |
|
| 830 | 1 |
_aBlackwell textbooks in linguistics ; _v17. _957227 |
|
| 907 | _aDil | ||
| 942 |
_2lcc _cBK |
||
| 999 |
_c28813 _d28813 |
||